Dairy processing & Food processing plant maintenance (Record no. 234314)

000 -LEADER
fixed length control field 01636cam a2200349 a 4500
001 - CONTROL NUMBER
control field 15154865
003 - CONTROL NUMBER IDENTIFIER
control field Nust
005 - DATE AND TIME OF LATEST TRANSACTION
control field 20170317125246.0
008 - FIXED-LENGTH DATA ELEMENTS--GENERAL INFORMATION
fixed length control field 080125s2008 iaua b 001 0 eng
010 ## - LIBRARY OF CONGRESS CONTROL NUMBER
LC control number 2008003568
020 ## - INTERNATIONAL STANDARD BOOK NUMBER
International Standard Book Number 9780813827568 (alk. paper)
020 ## - INTERNATIONAL STANDARD BOOK NUMBER
International Standard Book Number 81-8189-088-4
035 ## - SYSTEM CONTROL NUMBER
System control number (OCoLC)ocn191697419
040 ## - CATALOGING SOURCE
Transcribing agency ASAB
050 00 - LIBRARY OF CONGRESS CALL NUMBER
Classification number SF250.5
Item number .D345 2008
070 0# - NATIONAL AGRICULTURAL LIBRARY CALL NUMBER
Classification number SF250.5
Item number .D345 2008
082 00 - DEWEY DECIMAL CLASSIFICATION NUMBER
Classification number 637.028
Edition number 22
245 00 - TITLE STATEMENT
Title Dairy processing & Food processing plant maintenance
Statement of responsibility, etc. by S.N. Jha
246 3# - VARYING FORM OF TITLE
Title proper/short title Dairy processing and quality assurance
300 ## - PHYSICAL DESCRIPTION
Extent xii, 140 p. :
Other physical details ill. ;
Dimensions 27 cm.
504 ## - BIBLIOGRAPHY, ETC. NOTE
Bibliography, etc. note Includes bibliographical references and index.
650 #0 - SUBJECT ADDED ENTRY--TOPICAL TERM
Topical term or geographic name entry element Dairy processing
General subdivision Quality control.
650 #0 - SUBJECT ADDED ENTRY--TOPICAL TERM
Topical term or geographic name entry element Dairy products
General subdivision Quality control.
700 1# - ADDED ENTRY--PERSONAL NAME
Personal name Chandan, Ramesh C.
700 1# - ADDED ENTRY--PERSONAL NAME
Personal name Kilara, Arun.
700 1# - ADDED ENTRY--PERSONAL NAME
Personal name Shah, Nagendra P.
856 42 - ELECTRONIC LOCATION AND ACCESS
Materials specified Contributor biographical information
Uniform Resource Identifier <a href="http://www.loc.gov/catdir/enhancements/fy0814/2008003568-b.html">http://www.loc.gov/catdir/enhancements/fy0814/2008003568-b.html</a>
856 42 - ELECTRONIC LOCATION AND ACCESS
Materials specified Publisher description
Uniform Resource Identifier <a href="http://www.loc.gov/catdir/enhancements/fy0814/2008003568-d.html">http://www.loc.gov/catdir/enhancements/fy0814/2008003568-d.html</a>
856 41 - ELECTRONIC LOCATION AND ACCESS
Materials specified Table of contents only
Uniform Resource Identifier <a href="http://www.loc.gov/catdir/enhancements/fy0814/2008003568-t.html">http://www.loc.gov/catdir/enhancements/fy0814/2008003568-t.html</a>
906 ## - LOCAL DATA ELEMENT F, LDF (RLIN)
a 7
b cbc
c orignew
d 1
e ecip
f 20
g y-gencatlg
942 ## - ADDED ENTRY ELEMENTS (KOHA)
Source of classification or shelving scheme
Koha item type Book
Holdings
Withdrawn status Lost status Source of classification or shelving scheme Damaged status Not for loan Collection code Permanent Location Current Location Date acquired Total Checkouts Full call number Barcode Date last seen Price effective from Koha item type
            Atta-ur-Rahman School of Applied Biosciences (ASAB) Atta-ur-Rahman School of Applied Biosciences (ASAB) 03/17/2017   637.028 JHA ASAB637 03/17/2017 03/17/2017 Book
© 2023 Central Library, National University of Sciences and Technology. All Rights Reserved.